LEADER 01706nam a2200265 i 4500 001 000000010120 003 CaOOAMICUS 005 20180830125440.0 008 180830s1990 fr u000 u und u 040 $aSeMil$bita 100 1 $aRuusbroec, Jan : van .$0(OLS)http://semarc/name/3609 245 10$aÉcrits /$cJan van Ruusbroec ; présentation et traduction par Dom Adré Louf. 260 $aBégrolles-en-Mauges :$bAbbaye de Bellefontaine,$ccopyr. 1990-copyr. 1999. 300 $a4 v. ;$c21 cm. 500 $aFondo Card. C.M. Martini. 650 4$aRuysbroec, Jan : van - Opere.$0(OLS)http://semarc/subject/1103 700 1 $aLouf, André,$c.$0(OLS)http://semarc/name/89735 773 0 $tSpiritualité occidentale.$dBégrolles-en-Mauges : Abbaye de Bellefontaine, 1990.$w()10122 774 0 $aRuusbroec, Jan : van $tDouze Béguines ; Les quatre Tentations ; De la Foi chrétienne ; Lettres.$kSpiritualité occidentale$z2-85589-205-8$g4$w()118796 774 0 $aRuusbroec, Jan : van $tPierre brillante ; Les sept clôtures ; Les sept degrés de l'amour ; Livre des éclarissements.$kSpiritualité occidentale$z2-85589-201-5$g1$w()118797 774 0 $aRuusbroec, Jan : van $tNoces spirituelles.$kSpiritualité occidentale$z2-85589-203-1$g2$w()118798 774 0 $aRuusbroec, Jan : van $tRoyaume des amants ; Le miroir de la béatitude éternelle.$kSpiritualité occidentale$z2-85589-204-X$g3$w()118800 941 1 $a4 996 $6245$aÉcrits$9(OLS)http://semarc/title/13387 996 $6260$aBégrolles-en-Mauges :$bAbbaye de Bellefontaine$9(OLS)http://semarc/publisher/32623 LEADER 00955nam a2200229 i 4500 001 000000072506 003 CaOOAMICUS 005 20090327000000.0 008 090327s1953 it u000 u ita u 013 $a43678 040 $aSeMil$bita 100 1 $aBuck, Jean-Marie : de .$0(OLS)http://semarc/name/32058 240 10$aErreurs sur la personne.$0(OLS)http://semarc/title/116838 245 14$aGli educatori sbagliano /$cJ. M. de Buck ; [trad. di Liana Bortolon]. 260 $aMilano :$bVita e Pensiero,$cimprim. 1953. 300 $a364 p. ;$c20 cm. 650 4$aEducatori - Europa - Inchieste.$0(OLS)http://semarc/subject/14622 700 1 $aBortolon, Liana.$0(OLS)http://semarc/name/35909 850 $aSeMil 852 $aSeMil$W1$xVenegono$y1$m2Q I 360$j38659$B38659$CSeMilBibl$Z2$F38662 $81 996 $6245$aGli educatori sbagliano$9(OLS)http://semarc/title/116916 996 $6260$aMilano :$bVita e Pensiero$9(OLS)http://semarc/publisher/29642